Statystyki dla Kraje z największą ilością opadów na kontynencie

Kliknij tutaj aby rozwiązać quiz!

Ogólne statystyki

  • Ten quiz został rozwiązany 109 razy
  • Średni wynik to 13 z 30

Statystyki odpowiedzi

Opady mm% Poprawnych
3 240Kolumbia
86%
2 387Gujana
76%
2 274Ekwador
72%
1 732Nowa Zelandia
70%
1 220Wielka Brytania
70%
2 331Surinam
67%
2 928Panama
65%
1 414Norwegia
60%
2 702Indonezja
59%
1 940Islandia
57%
3 142Papua-Nowa Gwinea
56%
2 592Fidżi
51%
2 926Kostaryka
50%
2 280Nikaragua
50%
2 875Malezja
49%
2 497Singapur
42%
3 028Wyspy Salomona
42%
1 583Samoa
38%
2 666Bangladesz
31%
2 200Trynidad i Tobago
30%
2 722Brunei
29%
2 350Grenada
23%
2 301Saint Lucia
22%
2 330Seszele
21%
2 156Gwinea Równikowa
16%
3 200Wyspy Świętego Tomasza i Książęca
15%
1 162Słowenia
10%
2 526Sierra Leone
9%
1 485Albania
8%
2 391Liberia
8%

Rozkład punktacji

Percentyl według liczby udzielonych odpowiedzi

Procent ludzi z każdym wynikiem

Twoja historia wyników

Nie rozwiązałeś tego quizu